• 首页
  • 本馆介绍
  • 公告通知
  • 最新文献
  • 馆藏检索
  • 电子资源
  • 读者导购
  • 参考咨询
  • 我的图书馆
  • 登录
  • 详细信息显示
  • 放入我的书架
  • 预约/预借图书
  • 作者相关作品
  • 分类相关作品
  • 丛书相关作品
  • 出版社相关作品

书目信息

  • 表格格式
  • 工作单格式
  • 卡片格式
题名:
西方马克思主义探讨
    
 
作者: 安德森 著 ;魏章玲 , 文贯中 , 高铦 译
分册:  
出版信息: 北京   人民出版社  1981.04
页数: 150页
开本: 19cm
丛书名: 现代外国政治学术著作选译
单 册:
中图分类: B17
科图分类:
主题词: 马克思主义哲学--发展--世界 , 马克思主义哲学--传播--世界
电子资源:
ISBN:
000 00835nam0 2200265 45
001 0206241578
005 20051229141301.51
010    @dCNY0.46
091    @a2001.195
100    @a20020624d1981 km y0chiy0120 ea
101 0  @achi
200 1  @a西方马克思主义探讨@AXi Fang Ma Ke Si Zhu Yi Tan Tao@f(英)佩里·安德森著@F(Ying)Pei Li·An De Sen Zhu@g高铦,文贯中,魏章玲译
210    @a北京@c人民出版社@d1981.04
215    @a150页@d19cm
225    @a现代外国政治学术著作选译
410    @12001 @a现代外国政治学术著作选译
606 0  @a马克思主义哲学@x发展@x世界
606 0  @a马克思主义哲学@x传播@x世界
690    @aB17@v3
701  0 @a安德森@Aan de sen@4著
702  0 @a魏章玲@AWei Zhang Ling@4译
702  0 @a文贯中@AWen Guan Zhong@4译
702  0 @a高铦@AGao Xian@4译
801    @aCN@bTSTC@c20051229
905    @dB17@e3@f1@b57740
    
    西方马克思主义探讨/(英)佩里·安德森著/高铦,文贯中,魏章玲译.-北京:人民出版社,1981.04
    150页;19cm.-(现代外国政治学术著作选译)
    
    
    ISBN :CNY0.46
    
●
相关链接 在E读中查询图书 在五车中查询图书 在当当中查询图书 在豆瓣中查询图书


正题名:西方马克思主义探讨     索取号:B17/3         预约/预借

序号 登录号 条形码 馆藏地/架位号 状态 备注
1 0057738   001798521   密集书库/ [索取号:B17/3] 在馆    
2 0057739   001854942   密集书库/ [索取号:B17/3] 在馆    
3 0057740   001124401   密集书库/ [索取号:B17/3] 在馆    
4 0178387   202174690   密集书库/ [索取号:B17/3] 在馆    
5 0178388   001854988   密集书库/ [索取号:B17/3] 在馆    
唐山师范学院图书馆 欢迎您!
大连网信软件有限公司© 版权所有